000 004610000a22001930004500
001 004108
003 MACL
005 20150911163020.0
008 150911b xxu||||| |||| 00| 0 eng d
040 _aMACL
_cMACL
041 _aEnglish
082 _a923.2/RAM
100 _aRamanathan, R.
_910241
245 _aWho Is Kalam ?
_cR. Ramanathan
260 _aNoida
_c2003
_bKonark Publisher,
350 _a395
650 _aBiography
_9144
942 _k923
_cBK
_2ddc
999 _c15999
_d15999